Topp fyra-placeringar i fotbolls-VM - Statistics

General Stats
  • This quiz has been taken 82 times
    47 since last reset
  • The average score is 22 of 26
Answer Stats
Answer % Correct
England
100%
Frankrike
100%
Italien
100%
Portugal
100%
Spanien
100%
Tyskland
100%
Västtyskland
100%
Argentina
97%
Brasilien
97%
Kroatien
94%
Nederländerna
94%
Sverige
94%
Belgien
91%
Uruguay
91%
Chile
81%
Marocko
81%
Förenta staterna
78%
Polen
78%
Tjeckoslovakien
72%
Ungern
72%
Sydkorea
63%
Bulgarien
59%
Österrike
56%
Turkiet
56%
Sovjetunionen
53%
Jugoslavien
47%
No matching quizzes found
Score Distribution
Percent of People with Each Score
Percentile by Number Answered
Your Score History
You have not taken this quiz since the last reset